000 00723nam a22002537a 4500
999 _c10113
_d10113
003 INP
005 20260622095959.0
008 180514s1991 enkae||fr|||| 00| 0 eng d
020 _a0582040914
040 _aEG-INP
_beng
_cEG-INP
082 0 4 _221
_a657
_bD A
100 1 _aMyddelton, David R.
245 1 0 _aAccounting and financial decisions /
_cDavid R. Myddelton.
260 _aHarlow, Essex :
_bAddison Wesley Longman,
_c1996.
300 _a366 p. :
_bill. ;
_c24 cm.
490 _aUnderstanding business.
650 0 _aAccounting.
_938
650 0 _aFinancial statements.
_91301
653 0 _aFinancial decisions
830 0 _aUnderstanding business
901 _aEGPV21
903 _aoriginal